<?xml version="1.0" encoding="UTF-8"?>
<record
    xmlns:xsi="http://www.w3.org/2001/XMLSchema-instance"
    xsi:schemaLocation="http://www.loc.gov/MARC21/slim http://www.loc.gov/standards/marcxml/schema/MARC21slim.xsd"
    xmlns="http://www.loc.gov/MARC21/slim">

  <leader>00580nam a22001337a 4500</leader>
  <datafield tag="040" ind1=" " ind2=" ">
    <subfield code="c">RUA</subfield>
  </datafield>
  <datafield tag="082" ind1=" " ind2=" ">
    <subfield code="a">LMA OEM 2017 B652 Or.1</subfield>
  </datafield>
  <datafield tag="100" ind1=" " ind2=" ">
    <subfield code="a">OEM NARITH &#x17A2;&#x17B9;&#x1798; &#x178E;&#x17B6;&#x179A;&#x17B7;&#x178F; </subfield>
  </datafield>
  <datafield tag="245" ind1=" " ind2=" ">
    <subfield code="a">surveying to create cadastral map in sangkat dangkor khan dangkor, phnom penh &#x1780;&#x17B6;&#x179A;&#x179C;&#x17B6;&#x179F;&#x17CB;&#x179C;&#x17C2;&#x1784;&#x1780;&#x179F;&#x17B6;&#x1784;&#x1794;&#x17D2;&#x179B;&#x1784;&#x17CB;&#x179F;&#x17BB;&#x179A;&#x17B7;&#x1799;&#x17C4;&#x178A;&#x17B8; &#x1793;&#x17C5;&#x179F;&#x1784;&#x17D2;&#x1780;&#x17B6;&#x178F;&#x17CB;&#x178A;&#x1784;&#x17D2;&#x1780;&#x17C4; &#x1781;&#x178E;&#x17D2;&#x178C;&#x178A;&#x1784;&#x17D2;&#x1780;&#x17C4; &#x179A;&#x17B6;&#x1787;&#x1792;&#x17B6;&#x1793;&#x17B8;&#x1797;&#x17D2;&#x1793;&#x17C6;&#x1796;&#x17C1;&#x1789;  </subfield>
  </datafield>
  <datafield tag="260" ind1=" " ind2=" ">
    <subfield code="a">RUA</subfield>
    <subfield code="b">Phnom penh</subfield>
    <subfield code="c">2017</subfield>
  </datafield>
  <datafield tag="300" ind1=" " ind2=" ">
    <subfield code="a">x;65p</subfield>
    <subfield code="b">ill;</subfield>
    <subfield code="c">29cm</subfield>
  </datafield>
  <datafield tag="856" ind1=" " ind2=" ">
    <subfield code="u">OEM NARITH.</subfield>
  </datafield>
  <datafield tag="942" ind1=" " ind2=" ">
    <subfield code="c">LMA</subfield>
  </datafield>
  <datafield tag="999" ind1=" " ind2=" ">
    <subfield code="c">18500</subfield>
    <subfield code="d">18500</subfield>
  </datafield>
  <datafield tag="952" ind1=" " ind2=" ">
    <subfield code="0">0</subfield>
    <subfield code="1">0</subfield>
    <subfield code="2">ddc</subfield>
    <subfield code="4">0</subfield>
    <subfield code="6">LMA_OEM_2017_000000000000000_B652_OR_1</subfield>
    <subfield code="7">0</subfield>
    <subfield code="9">82626</subfield>
    <subfield code="a">LBB</subfield>
    <subfield code="b">LBB</subfield>
    <subfield code="c">B652</subfield>
    <subfield code="d">2019-12-11</subfield>
    <subfield code="o">LMA OEM 2017 B652 Or.1</subfield>
    <subfield code="p">A063795</subfield>
    <subfield code="r">2019-12-11</subfield>
    <subfield code="w">2019-12-11</subfield>
    <subfield code="y">LMA</subfield>
  </datafield>
  <datafield tag="952" ind1=" " ind2=" ">
    <subfield code="0">0</subfield>
    <subfield code="1">0</subfield>
    <subfield code="2">ddc</subfield>
    <subfield code="4">0</subfield>
    <subfield code="6">LMA_OEM_2017_000000000000000_B652_OR_2</subfield>
    <subfield code="7">0</subfield>
    <subfield code="9">82627</subfield>
    <subfield code="a">LBB</subfield>
    <subfield code="b">LBB</subfield>
    <subfield code="c">B652</subfield>
    <subfield code="d">2019-12-11</subfield>
    <subfield code="o">LMA OEM 2017 B652 Or.2</subfield>
    <subfield code="p">A063735</subfield>
    <subfield code="r">2019-12-11</subfield>
    <subfield code="w">2019-12-11</subfield>
    <subfield code="y">LMA</subfield>
  </datafield>
  <datafield tag="952" ind1=" " ind2=" ">
    <subfield code="0">0</subfield>
    <subfield code="1">0</subfield>
    <subfield code="2">ddc</subfield>
    <subfield code="4">0</subfield>
    <subfield code="6">LMA_OEM_2017_000000000000000_B652_OR_3</subfield>
    <subfield code="7">0</subfield>
    <subfield code="9">82628</subfield>
    <subfield code="a">LBB</subfield>
    <subfield code="b">LBB</subfield>
    <subfield code="c">B652</subfield>
    <subfield code="d">2019-12-11</subfield>
    <subfield code="o">LMA OEM 2017 B652 Or.3</subfield>
    <subfield code="p">A063547</subfield>
    <subfield code="r">2019-12-11</subfield>
    <subfield code="w">2019-12-11</subfield>
    <subfield code="y">LMA</subfield>
  </datafield>
  <datafield tag="952" ind1=" " ind2=" ">
    <subfield code="0">0</subfield>
    <subfield code="1">0</subfield>
    <subfield code="2">ddc</subfield>
    <subfield code="4">0</subfield>
    <subfield code="6">LMA_OEM_2017_000000000000000_B652_OR_4</subfield>
    <subfield code="7">0</subfield>
    <subfield code="9">82629</subfield>
    <subfield code="a">LBB</subfield>
    <subfield code="b">LBB</subfield>
    <subfield code="c">B652</subfield>
    <subfield code="d">2019-12-11</subfield>
    <subfield code="l">1</subfield>
    <subfield code="o">LMA OEM 2017 B652 Or.4</subfield>
    <subfield code="p">A063799</subfield>
    <subfield code="r">2020-10-27</subfield>
    <subfield code="s">2020-10-27</subfield>
    <subfield code="w">2019-12-11</subfield>
    <subfield code="y">LMA</subfield>
  </datafield>
  <datafield tag="952" ind1=" " ind2=" ">
    <subfield code="0">0</subfield>
    <subfield code="1">0</subfield>
    <subfield code="2">ddc</subfield>
    <subfield code="4">0</subfield>
    <subfield code="6">LMA_OEM_2017_000000000000000_B652_OR_5</subfield>
    <subfield code="7">0</subfield>
    <subfield code="9">82630</subfield>
    <subfield code="a">LBB</subfield>
    <subfield code="b">LBB</subfield>
    <subfield code="c">B652</subfield>
    <subfield code="d">2019-12-11</subfield>
    <subfield code="l">5</subfield>
    <subfield code="o">LMA OEM 2017 B652 Or.5</subfield>
    <subfield code="p">A063607</subfield>
    <subfield code="r">2024-08-28</subfield>
    <subfield code="s">2024-08-17</subfield>
    <subfield code="w">2019-12-11</subfield>
    <subfield code="y">LMA</subfield>
  </datafield>
  <datafield tag="952" ind1=" " ind2=" ">
    <subfield code="0">0</subfield>
    <subfield code="1">0</subfield>
    <subfield code="2">ddc</subfield>
    <subfield code="4">0</subfield>
    <subfield code="6">LMA_OEM_2017_000000000000000_B652_OR_6</subfield>
    <subfield code="7">0</subfield>
    <subfield code="9">82631</subfield>
    <subfield code="a">LBB</subfield>
    <subfield code="b">LBB</subfield>
    <subfield code="c">B652</subfield>
    <subfield code="d">2019-12-11</subfield>
    <subfield code="l">5</subfield>
    <subfield code="o">LMA OEM 2017 B652 Or.6</subfield>
    <subfield code="p">A063859</subfield>
    <subfield code="r">2025-08-05</subfield>
    <subfield code="s">2025-06-28</subfield>
    <subfield code="w">2019-12-11</subfield>
    <subfield code="y">LMA</subfield>
  </datafield>
</record>
